The deep channel and alluvial deposits of the Ohio Valley in Kentucky / (Record no. 29163)

MARC details
000 -LEADER
fixed length control field 01497cam a22003371a 4500
001 - CONTROL NUMBER
control field gs 57000196
003 - CONTROL NUMBER IDENTIFIER
control field DLC
005 - DATE AND TIME OF LATEST TRANSACTION
control field 20260227111405.0
008 - FIXED-LENGTH DATA ELEMENTS--GENERAL INFORMATION
fixed length control field 800822s1957 dcuab b f001 0 eng
010 ## - LIBRARY OF CONGRESS CONTROL NUMBER
LC control number gs 57000196
035 ## - SYSTEM CONTROL NUMBER
System control number (OCoLC)6646323
040 ## - CATALOGING SOURCE
Original cataloging agency DLC
Transcribing agency InES
Modifying agency DNAL
-- DLC
042 ## - AUTHENTICATION CODE
Authentication code premarc
050 00 - LIBRARY OF CONGRESS CALL NUMBER
Classification number TC801
Item number .U2 no. 1411
070 0# - NATIONAL AGRICULTURAL LIBRARY CALL NUMBER
Classification number 407
Item number G29W no.1411
072 #0 - SUBJECT CATEGORY CODE
Subject category code P200
100 1# - MAIN ENTRY--PERSONAL NAME
Personal name Walker, Eugene H.
Fuller form of name (Eugene Hoffman),
Dates associated with a name 1915-
245 14 - TITLE STATEMENT
Title The deep channel and alluvial deposits of the Ohio Valley in Kentucky /
Statement of responsibility, etc. by Eugene H. Walker ; prepared in cooperation with the Agriculture and Industrial Development Board of Kentucky.
260 ## - PUBLICATION, DISTRIBUTION, ETC.
Place of publication, distribution, etc. Washington, D.C. :
Name of publisher, distributor, etc. U.S. G.P.O.,
Date of publication, distribution, etc. 1957.
300 ## - PHYSICAL DESCRIPTION
Extent iii, 25 p. :
Other physical details ill., maps ;
Dimensions 23 cm.
440 #0 - SERIES STATEMENT/ADDED ENTRY--TITLE
Title Geological Survey water-supply paper ;
Volume/sequential designation 1411
500 ## - GENERAL NOTE
General note Seven folded leaves in pocket.
500 ## - GENERAL NOTE
General note "A compilation of information on the deposits that form one of the most productive aquifers in Kentucky."
500 ## - GENERAL NOTE
General note no. 1410-1413 Supplemented by : 15 folded maps and plates in portfolio.
501 ## - WITH NOTE
With note TC801 .U2 no. 1411 with : Geology and ground-water resources of the lower Lodgepole Creek drainage basin, Nebraska / Louis J. Bjorklund. Washington : U. S. Govt. Print. Off., 1957. Bound together subsequent to publication.
Institution to which field applies DLC
504 ## - BIBLIOGRAPHY, ETC. NOTE
Bibliography, etc. note Bibliography: p. 24.
500 ## - GENERAL NOTE
General note Includes index.
650 #0 - SUBJECT ADDED ENTRY--TOPICAL TERM
Topical term or geographic name entry element Geology
Geographic subdivision Kentucky.
650 #0 - SUBJECT ADDED ENTRY--TOPICAL TERM
Topical term or geographic name entry element Alluvium.
650 #0 - SUBJECT ADDED ENTRY--TOPICAL TERM
Topical term or geographic name entry element Sedimentation and deposition.

No items available.

Powered by Koha